Logo BPK

Biblioteka

Politechniki Koszalińskiej

Wody i ich zanieczyszczenia : (Rekord nr 24570)

Szczegóły MARC
000 -ETYKIETA REKORDU
podpole kontrolne o stałej długości 02026nam a2200553 i 4500
001 - NUMER KONTROLNY REKORDU
pole kontrolne 24570
003 - IDENTYFIKATOR NUMERU KONTROLNEGO REKORDU
podpole kontrolne KOSZ 005
005 - DATA OSTATNIEJ MODYFIKACJI REKORDU
podpole kontrolne 20200713143645.0
008 - POLE O STAŁEJ DŁUGOŚCI - DANE KONTROLNE
podpole kontrolne o stałej długości 980702s1995 pl a f |000 0 pol
015 ## - NUMER BIBLIOGRAFII NARODOWEJ
Numer bibliografii narodowej UWD 1996/9926
020 ## - MIĘDZYNARODOWY ZNORMALIZOWANY NUMER KSIĄŻKI - ISBN
ISBN 837051040X
035 ## - NUMER SYSTEMOWY
Numer systemowy przejętego rekordu 991004198249705066
035 ## - NUMER SYSTEMOWY
Numer systemowy przejętego rekordu (PL-WaBN)b11113224-48omnis_nlop
035 ## - NUMER SYSTEMOWY
Numer systemowy przejętego rekordu b11113224
035 ## - NUMER SYSTEMOWY
Numer systemowy przejętego rekordu (OCoLC)830112055
035 ## - NUMER SYSTEMOWY
Numer systemowy przejętego rekordu (PL)b0000001111322
035 ## - NUMER SYSTEMOWY
Numer systemowy przejętego rekordu (EXLNZ-48OMNIS_NETWORK)9910059040905606
040 ## - ŹRÓDŁO KATALOGOWANIA
Instytucja, która sporządziła opis WA N
Instytucja, która utworzyła rekord WA N
Instytucja, która dokonała modyfikacji KOSZ 005/EG
041 ## - KOD JĘZYKA
Kod języka tekstu pol
046 ## - DATY KODOWANE
Pojedyncza data lub początek okresu powstania dzieła lub zbioru dzieł 1995
080 ## - UNIWERSALNA KLASYFIKACJA DZIESIĘTNA - UKD
UKD 504.4
080 ## - UNIWERSALNA KLASYFIKACJA DZIESIĘTNA - UKD
UKD 574.5
080 ## - UNIWERSALNA KLASYFIKACJA DZIESIĘTNA - UKD
UKD 556
080 ## - UNIWERSALNA KLASYFIKACJA DZIESIĘTNA - UKD
UKD (076)
100 1# - NAZWA OSOBOWA
Nazwa osobowa Królak, Elżbieta
Daty związane z nazwą (1954- )
Określenie rodzaju współpracy Autor
245 10 - TYTUŁ/ODPOWIEDZIALNOŚĆ
Tytuł Wody i ich zanieczyszczenia :
Ciąg dalszy tytułu materiały do ćwiczeń dla studentów biologii /
Pozostałe elementy strefy tytułu i oznaczenia odpowiedzialności Elżbieta Królak, Anna Stańczykowska-Piotrowska ; Wyższa Szkoła Rolniczo-Pedagogiczna w Siedlcach.
260 ## - STREFA ADRESU WYDAWNICZEGO
Miejsce wydania Siedlce :
Nazwa wydawcy/dystrybutora Wydawnictwa Uczelniane WSR-P,
Data publikacji, dystrybucji/powstania dokumentu 1995.
300 ## - STREFA OPISU FIZYCZNEGO
Objętość 83 s. :
Inne cechy fizyczne rys., wykr. ;
Rozmiary 24 cm.
336 ## - TYP ZAWARTOŚCI
Termin opisujący typ zawartości Tekst
Kod określający zawartość txt
Źródło (terminu i kodu) rdacontent
337 ## - TYP MEDIÓW
Tryb odtwarzania Bez urządzenia pośredniczącego
Kod typu mediów n
Źródło (terminu i kodu) rdamedia
338 ## - TYP/RODZAJ NOŚNIKA
Hasło opisujące typ nośnika Wolumin
Kod typu nośnika nc
Źródło (terminu i kodu) rdacarrier
380 ## - FORMA I TYP PUBLIKACJI
Forma i typ publikacji Książki
380 ## - FORMA I TYP PUBLIKACJI
Forma i typ publikacji Publikacje dydaktyczne
385 ## - ODBIORCA
Kategoria grupowa odbiorcy Poziom nauczania
Odbiorca Szkoły wyższe
388 ## - CZAS POWSTANIA
Czas powstania 1901-2000
388 ## - CZAS POWSTANIA
Czas powstania 1989-2000
490 1# - STREFA SERII I DOKUMENTU WIELOCZĘŚCIOWEGO - FORMA NIE DO WYSZUKIWANIA
Tytuł i oznaczenie odpowiedzialności serii Wybrane zagadnienia z ochrony środowiska / Elżbieta Królak, Anna Stańczykowska-Piotrowska ;
Numeracja w obrębie serii cz. 1
504 ## - UWAGA DOTYCZĄCA BIBLIOGRAFII
Informacje o bibliografii Bibliogr. s. 82-83.
650 #7 - HASŁO PRZEDMIOTOWE W FORMIE NAZWY OGÓLNEJ LUB JEDNOSTKOWEJ
Nazwa ogólna lub geograficzna Woda
Źródło hasła lub terminu DBN
650 #7 - HASŁO PRZEDMIOTOWE W FORMIE NAZWY OGÓLNEJ LUB JEDNOSTKOWEJ
Nazwa ogólna lub geograficzna Chemia
Źródło hasła lub terminu DBN
650 #7 - HASŁO PRZEDMIOTOWE W FORMIE NAZWY OGÓLNEJ LUB JEDNOSTKOWEJ
Nazwa ogólna lub geograficzna Degradacja środowiska
Źródło hasła lub terminu DBN
655 #7 - TERMIN INDEKSOWY - OKREŚLENIE RODZAJU/FORMY DOKUMENTU
Określenie rodzaju/formy dokumentu Ćwiczenia i zadania dla szkół wyższych
Źródło terminu DBN
658 ## - TERMIN INDEKSOWY - PRZEDMIOT PROGRAMU NAUCZANIA
Główny przedmiot programu nauczania Ochrona środowiska
700 1# - HASŁO DODATKOWE - NAZWA OSOBOWA
Nazwa osobowa Stańczykowska-Piotrowska, Anna
Daty związane z nazwą (1932- )
Określenie związku między hasłem a opisywanym materiałem Autor
800 1# - HASŁO DODATKOWE OPISU DOKUMENTU WIELOCZĘŚCIOWEGO - NAZWA OSOBOWA
Nazwa osobowa Królak, Elżbieta
Daty związane z nazwą (1954- )
Tytuł dzieła Wybrane zagadnienia z ochrony środowiska ;
Oznaczenie tomu cz. 1
856 ## - LOKALIZACJA I DOSTĘP DO ELEKTRONICZNYCH DOKUMENTÓW ZDALNYCH
Link (URL) http://koha.tu.koszalin.pl/cgi-bin/koha/opac-detail.pl?biblionumber=24570
Tekst linku Katalog online BPK
942 ## - DODATKOWE ELEMENTY (KOHA)
Schemat klasyfikacji Uniwersalna Klasyfikacja Dziesiętna
Typ dokumentu Książka
Egzemplarze
Wycofany Status egzemplarza Uszkodzony Dostępność Lokalizacja stała Lokalizacja bieżąca Miejsce przechowywania Sygnatura Kod kreskowy Dział Typ dokumentu
      Tylko na miejscu Biblioteka Politechniki Koszalińskiej Biblioteka Politechniki Koszalińskiej Czytelnia BG P 50652 01986174 556 Hydrologia Książka
      Dostępny Biblioteka Politechniki Koszalińskiej Biblioteka Politechniki Koszalińskiej Wypożyczalnia BG P 50653 01066364   Książka
© 2023 Biblioteka Politechniki Koszalińskiej :: KOHA